000 00957nam a2200229 a 4500
001 65437
003 BD-RjUL
005 20211209081427.0
008 170306s1991 bg |||| |||| 00| 0 ben d
020 _c Tk. : 250.00
035 _a(BD-RjUL)65567
040 _aBD-RjUL
_bben
_cBD-RjUL
041 _aben
082 _223
_a954.925
_bJHI 1997
245 0 0 _aঝিনাইদহের ইতিহাস /
_cসম্পাদনায় মীর্জা মোহাম্মদ আল-ফারূক.
260 _aঝিনাইদহ, বাংলাদেশ :
_bজেলা প্রশাসক,
_c১৯৯১.
300 _a৪০৪ পৃ.
_bচিত্র ;
_c২২ সেমি.
651 _aঝিনাইদহ, বাংলাদেশ
_xইতিহাস
_9193115
651 _aJhinaidaha, Bangladesh
_xHistory
_9193671
700 _aআল-ফারূক, মীর্জা মোহাম্মদ
_9193672
942 _2ddc
_cBK
999 _c65437
_d65437